अॅक्युप्रेशर स्वत:Sा स्वत:Sो डॉक्टर बनण्यासाठी (Record no. 337874)

MARC details
000 -LEADER
fixed length control field 00783nam a2200169Ia 4500
008 - FIXED-LENGTH DATA ELEMENTS--GENERAL INFORMATION
fixed length control field 090711s9999 xx 000 0 und d
082 ## - DEWEY DECIMAL CLASSIFICATION NUMBER
Item number 867
100 ## - MAIN ENTRY--PERSONAL NAME
Personal name गाला धीरेन
245 ## - TITLE STATEMENT
Title अॅक्युप्रेशर स्वत:Sा स्वत:Sो डॉक्टर बनण्यासाठी
260 ## - PUBLICATION, DISTRIBUTION, ETC. (IMPRINT)
Name of publisher, distributor, etc नवनीत प्रकाशन
Date of publication, distribution, etc 2000
300 ## - PHYSICAL DESCRIPTION
Extent 135
600 ## - SUBJECT ADDED ENTRY--PERSONAL NAME
Personal name गाला धीरेन
630 ## - SUBJECT ADDED ENTRY--UNIFORM TITLE
Uniform title अॅक्युप्रेशर स्वत:Sा स्वत:Sो डॉक्टर बनण्यासाठी
700 ## - ADDED ENTRY--PERSONAL NAME
Personal name गाला धीरेन
730 ## - ADDED ENTRY--UNIFORM TITLE
Uniform title अॅक्युप्रेशर स्वत:Sा स्वत:Sो डॉक्टर बनण्यासाठी
942 ## - ADDED ENTRY ELEMENTS (KOHA)
Koha item type Book

No items available.